[Event "Labour Day"]
[Site "Adelaide"]
[Date "2005.10.01"]
[Round "3.3"]
[White "Staak, Eric"]
[Black "Jelic, Mato"]
[Result "0-1"]
[Annotator "Fritz 9"]
[BlackElo "1701"]
[EventCountry "AUS"]
[EventDate "2005.10.01"]
[EventRounds "7"]
[EventType "swiss"]
[PlyCount "78"]
[WhiteElo "1398"]

{ B89: Sicilian: Velimirovic Attack } 1. e4 c5 2. Nf3 d6 3. d4 cxd4 4. Nxd4 Nf6
5. Nc3 e6 6. Bc4 Nc6 7. Be3 a6 8. a3 ( 8. Qd2 Qc7 9. O-O-O Be7 10. Bb3 O-O 11.
Rhg1 Nd7 12. Kb1 Nc5 13. g4 b5 14. g5 Nxb3 15. axb3 Bd7 16. f4 b4 17. Na4 Nxd4
18. Bxd4 Bxa4 19. bxa4 e5 20. fxe5 dxe5 { 1/2-1/2 Ljubojevic,L  (  2635  ) 
-Kortschnoj,V  (  2655  )  /Luzern 1989/CBM 016}  )( 8. f4 Be7 9. Qf3 Nxd4 10.
Bxd4 b5 11. Bd3 Bb7 12. a3 O-O 13. O-O Bc6 14. Qg3 g6 15. Rae1 Nh5 16. Qe3 Nxf4
17. Qxf4 e5 18. Bxe5 dxe5 19. Qxe5 Bd6 20. Qf6 Qc7 21. e5 Bc5+ 22. Kh1 Bd4 {
Gonzalez,Y  (  2444  )  -Abreu,A  (  2480  )  /Santa Clara 2002/CBM 088 ext/1-0
 (  66  )}  )8... Qc7 9. Qe2 $146 { White has a very active position}  ( 9. Ba2
Ne5 10. f3 Nc4 11. Bxc4 Qxc4 12. g4 Be7 13. Qd3 Qc7 14. Qe2 b5 15. g5 Nd7 16.
f4 Nb6 17. f5 Nc4 18. Rf1 Nxb2 19. Ncxb5 Qa5+ 20. Bd2 Qb6 21. Be3 Qa5+ 22. Bd2
Qb6 23. Be3 axb5 { Minic,D  (  2475  )  -Timman,J  (  2540  )  /Sombor
1974/MCD/0-1  (  36  )}  )( 9. Be2 Be7 10. O-O O-O 11. Nf3 b5 12. h3 Bb7 13.
Bd3 Rac8 14. Qe2 Nb8 15. Rfe1 Nbd7 16. Rad1 Rfe8 17. Nh2 Nc5 18. Bxc5 Qxc5 19.
Kh1 g6 20. Qf1 Nh5 21. Ng4 Kh8 22. f4 Ng3+ { 0-1 Foehl,F-Czap,B/Bad Wiessee
1997/CBM 061 ext}  )( 9. Bd3 Be7 10. f4 Nxd4 11. Bxd4 e5 12. Be3 b5 13. O-O Bb7
14. g4 h5 15. g5 Ng4 16. Bd2 exf4 17. Bxf4 Qc5+ 18. Kg2 Bxg5 19. h3 Bxf4 20.
hxg4 Qe3 21. Rf3 Qd2+ 22. Qxd2 Bxd2 23. Rh3 Bxc3 { Mackowiak,M  (  2200  ) 
-Sek,Z  (  2200  )  /Lubniewice 1981/MCD/0-1  (  43  )}  )9... Be7 10. Bb3 O-O
11. O-O-O ( 11. O-O $5 $14)11... b5 $15 12. Nxc6 Qxc6 13. f3 { Prevents
intrusion on g4}  13... Rb8 14. Na2 ( 14. Rhe1 Nd7 $15 )14... a5 $17 { Black
plans b4}  15. Kb1 Ba6 16. Qd2 b4 17. axb4 $2 ( 17. a4 $17 $142)17... a4 $19
18. Bxe6 $2 ( 18. b5 Bxb5 19. Nb4 $19 )18... fxe6 19. h4 d5 ( 19... Bc4 { makes
it even easier for Black}  20. h5 $19 )20. e5 ( 20. Qc3 { does not save the
day}  20... Qb7 21. Qe5 dxe4 22. Qxe6+ Kh8 $19 )20... Nd7 21. Rh3 ( 21. Bd4 {
cannot change what is in store for ?}  21... Bc4 22. Qc3 Qb7 $19 )21... Bc4 22.
Rg3 ( 22. Qc3 { doesn't change the outcome of the game}  22... Bxa2+ 23. Kxa2
Qb7 $19 )22... Bxa2+ 23. Kxa2 Qc4+ ( 23... Bxb4 $5 $142 { seems even better} 
24. c3 Be7 25. Qd4 $19 )24. Kb1 Bxb4 25. Rxg7+ ( 25. Qd3 { a last effort to
resist the inevitable}  25... Qc7 26. Bd4 $19 )25... Kxg7 26. Bh6+ ( 26. Qd3 {
doesn't improve anything}  26... Qc7 27. Bd4 Bc5 $19 )26... Kh8 27. Qg5 Rg8 28.
Qf4 Qxf4 ( 28... Qc6 29. Qc1 Bc3 30. Rd3 a3 31. Bd2 Bxb2 32. Bb4 Rxb4 33. Ka2
Bxc1 34. Ka1 Qxc2 35. Rb3 Bb2+ 36. Ka2 Bxe5+ 37. Kxa3 Qxb3# )29. Bxf4 Bc3 30.
b3 Rxg2 31. Bh6 ( 31. Rd3 { is no salvation}  31... axb3 32. cxb3 Rxb3+ 33. Kc1
Bb2+ 34. Kb1 Rxd3 35. Bd2 Rgxd2 36. h5 Ra3 37. f4 Ra1# )31... axb3 32. cxb3
Rxb3+ 33. Kc1 Ra3 34. Bd2 Bxd2+ 35. Rxd2 Ra1+ 36. Kc2 Ra2+ 37. Kc3 ( 37. Kb3 {
does not solve anything}  37... Raxd2 38. Kc3 Rb2 39. h5 Rbc2+ 40. Kd3 Nc5+ 41.
Ke3 Rc3+ 42. Kd4 Rgc2 43. h6 Nb3# )37... Rgxd2 38. f4 Rab2 39. h5 ( 39. f5 {
cannot change destiny}  39... Nc5 40. fxe6 Ne4# )39... Nc5 ( 39... Nc5 40. f5
Ne4# ) 0-1

[Event "Labour Day"]
[Site "Adelaide"]
[Date "2005.10.01"]
[Round "3.4"]
[White "Jothibabu, Anandaram"]
[Black "Eustace, Sophie"]
[Result "1/2-1/2"]
[Annotator "Fritz 9"]
[BlackElo "1153"]
[EventCountry "AUS"]
[EventDate "2005.10.01"]
[EventRounds "7"]
[EventType "swiss"]
[PlyCount "98"]
[WhiteElo "1501"]

{ B30: Sicilian: 2...Nc6 3 Bb5, lines without ...g6 } 1. e4 c5 2. Nf3 Nc6 3. Bb5
a6 4. Bxc6 bxc6 5. d4 ( 5. b3 d6 6. h3 Nf6 7. d3 g6 8. Bb2 Bg7 9. Nbd2 O-O 10.
O-O e5 11. Kh2 Ne8 12. Ng1 Bh6 13. g3 f5 14. exf5 gxf5 15. f4 exf4 16. gxf4 Qh4
17. Qf3 Be6 18. Rae1 Bd5 19. Qg3+ Qxg3+ { Toumaniantz,R  (  2164  ) 
-Celen,G/San Remo 2001/CBM 084 ext/0-1  (  35  )}  )( 5. c3 e6 6. O-O Ne7 7. d3
Ng6 8. Be3 Rb8 9. Nbd2 d5 10. Qc2 e5 11. Nb3 d4 12. Bd2 Bd7 13. Rac1 Be6 14.
cxd4 Bxb3 15. axb3 exd4 16. b4 Rb5 17. bxc5 Bxc5 18. b4 Bb6 19. Qxc6+ Qd7 {
Yu,D-Beckman,J/Mount Buller 2005/CBM 104 ext/0-1  (  39  )}  )5... e6 $146 (
5... cxd4 6. Nxd4 e5 7. Nf3 Nf6 8. O-O d6 9. Bg5 Bg4 10. h3 Bh5 11. Qd3 Be7 12.
Nbd2 Qc7 13. Rfe1 O-O 14. Bxf6 Bxf6 15. g4 Bg6 16. h4 h5 17. g5 Be7 18. Qc3 Kh8
19. Kf1 Rab8 20. Rab1 { Dijoux,J  (  1680  )  -Payet,A  (  1960  )  /Reunion
2004/CBM 102 ext/1/2-1/2  (  39  )}  )6. Be3 cxd4 7. Bxd4 ( 7. Qxd4 d6 $14
)7... d5 8. exd5 cxd5 9. O-O { White castles and improves king safety}  9...
Nf6 10. Nbd2 Bd6 { Black should quickly conclude development.}  11. c4 Qe7 (
11... O-O 12. Re1 $11 )12. Rc1 { White prepares the advance c5}  ( 12. cxd5 $5
O-O 13. Bxf6 Qxf6 14. Ne4 $16 )12... O-O $14 13. c5 { White threatens to win
material: c5xd6}  13... Bc7 14. Ne5 Bxe5 ( 14... Nd7 $5 15. Nxd7 Bxd7 $11 )15.
Bxe5 $16 { Opposite coloured bishops appeared}  15... Rd8 ( 15... Ne8 16. Nb3
$16 )16. Nf3 ( 16. Qf3 $16)16... Nd7 $2 ( 16... Ne4 $142 { and Black could well
hope to play on}  17. c6 f6 $11 )17. Bd6 $18 Qf6 18. c6 ( 18. b4 $5 Nf8 $18
)18... Nf8 19. Be5 Qe7 20. Qb3 f6 21. c7 { White threatens to win material:
c7xd8Q}  ( 21. Bg3 $16 $142)21... Rd7 $4 ( 21... Re8 $142 { this is the best
bet to save the position}  22. Bd4 e5 $11 )22. Qb8 $3 $18 { A double attack} 
22... fxe5 ( 22... Rxb8 23. cxb8=Q { Discovered attack}  )23. Qxa8 Rxc7 24. Qb8
Rxc1 25. Rxc1 Bd7 ( 25... e4 { does not win a prize}  26. Ne5 ( 26. Qxc8 $6 {
is clearly worse}  26... exf3 27. Rc3 fxg2 $18 )( 26. Rxc8 $6 { is clearly
inferior}  26... exf3 27. gxf3 Qf6 $18 )26... Bd7 27. Rc7 $18 )26. Nxe5 Bb5 27.
Qb6 ( 27. h3 $142 { and White wins}  27... Qg5 28. Rc8 Qf5 $18 )27... Qf6 (
27... Qb4 28. Qc7 Be8 29. Qc3 $18 )28. Qd4 ( 28. Qe3 { keeps an even firmer
grip}  28... h6 $18 )28... h6 29. a4 Bxa4 30. Qxa4 { Theme: Deflection from e5}
 ( 30. Rc8 $5 Bb5 31. h4 Kh7 $18 )30... Qxe5 $16 31. b4 Qe4 ( 31... Qb2 32. Ra1
$16 )32. Qxa6 ( 32. h3 $5 $18)32... Qxb4 $16 33. h3 Qd2 34. Qa3 Ng6 35. Qe3
Qxe3 36. fxe3 Kf7 37. Rc7+ Kf6 38. Kf2 Ne5 39. Ke2 Nf7 40. Kd3 ( 40. e4 dxe4
41. Ke3 Nd6 $16 )40... Nd6 $14 41. Rc1 Ne4 42. Kd4 Ng3 43. Re1 Ne4 ( 43... g5
44. Ra1 $11 )44. Rf1+ Ke7 45. Ke5 Nd2 ( 45... Nd6 46. Rc1 Nc4+ 47. Kd4 $16 )46.
Ra1 $16 Nc4+ 47. Kd4 Kf6 ( 47... Nd6 48. Ra6 $16 )48. e4 $16 Nd2 49. e5+ Kf5 
1/2-1/2

[Event "Labour Day"]
[Site "Adelaide"]
[Date "2005.10.01"]
[Round "3.5"]
[White "Hughes, Peter"]
[Black "Ross, Bill"]
[Result "1/2-1/2"]
[Annotator "Fritz 9"]
[BlackElo "1435"]
[EventCountry "AUS"]
[EventDate "2005.10.01"]
[EventRounds "7"]
[EventType "swiss"]
[PlyCount "91"]
[WhiteElo "1179"]

{ E61: King's Indian: Early deviations for White, including Smyslov System } 1.
d4 ( 1. e4 c5 2. Nf3 d6 3. d4 cxd4 4. Nxd4 Nf6 5. Nc3 Nc6 6. Bc4 e6 7. Be3 a6
8. f4 Be7 9. Qf3 Nxd4 10. Bxd4 b5 11. Bd3 Bb7 12. a3 O-O 13. O-O Bc6 14. Qg3 g6
15. Rae1 Nh5 { Gonzalez,Y  (  2444  )  -Abreu,A  (  2480  )  /Santa Clara
2002/CBM 088 ext/1-0  (  66  )}  )1... Nf6 2. c4 g6 3. Nc3 Bg7 4. Bg5 O-O 5. e3
d6 6. Nf3 Nc6 7. Bd3 ( 7. Be2 h6 8. Bh4 Nd7 9. d5 Na5 10. Rc1 c5 11. Nd2 a6 12.
f4 Rb8 13. b3 Nf6 14. O-O b5 15. e4 bxc4 16. bxc4 Qc7 17. e5 Ne8 18. e6 fxe6
19. Qc2 Bxc3 20. Qxg6+ Bg7 21. Bd3 Nf6 { Sjoberg,M  (  2460  )  -Kveinys,A  ( 
2510  )  /Osterskan 1994/TD/1-0  (  31  )}  )7... Re8 $146 ( 7... e5 8. dxe5
dxe5 9. Qe2 h6 10. Bxf6 Bxf6 11. Rd1 Qe8 12. Nd5 Bd8 13. Bc2 Bg4 14. h3 Bd7 15.
Qd2 Be6 16. e4 Kg7 17. Ba4 f6 18. b4 Rc8 19. a3 { 1/2-1/2
Beer,S-Zwanzger,J/Osnabrueck 1994/Juniors}  )8. h3 { Prevents intrusion on g4} 
8... Bd7 ( 8... e5 9. O-O $11 )9. O-O $14 Qc8 10. Kh2 ( 10. Qb3 e5 11. d5 Ne7
$14 )10... h6 $11 11. Bxf6 Bxf6 { Black has the pair of bishops}  12. Qd2 e5
13. d5 { White gets more space}  13... Ne7 14. Ne4 { White threatens to win
material: Ne4xf6}  14... Bg7 15. Ng1 f5 { Black threatens to win material:
f5xe4}  16. Ng3 Rf8 ( 16... e4 17. Be2 $17 )17. f4 ( 17. e4 $5 $15 { looks like
a viable alternative} )17... e4 $17 18. Be2 a6 19. h4 ( 19. Rac1 Qd8 $17 )19...
h5 ( 19... Qd8 $5 $142 20. h5 g5 $17 )20. Nh3 $15 Bf6 21. Ng5 Bxg5 ( 21... Qb8
$5 $15 { is an interesting alternative} )22. hxg5 $14 Qd8 23. Qc3 { Black king
safety dropped}  23... Qe8 24. c5 ( 24. Rh1 $142 { is the best option White
has}  24... Qf7 25. Rac1 $14 )24... Nxd5 $17 25. Bc4 Be6 26. Qd4 ( 26. Qb3 c6
27. cxd6 Rf7 $17 )26... Qf7 ( 26... dxc5 27. Qxc5 b6 28. Qa3 $19 )27. Bxd5 $17
Bxd5 28. cxd6 c6 29. a3 Qg7 30. Ne2 ( 30. Qb4 Rfd8 $17 )30... Qxd4 31. Nxd4
Rad8 32. Rad1 Rxd6 33. Nb3 ( 33. Rc1 Kf7 $19 )33... Rfd8 ( 33... b6 $5 $19
$142)34. Nc5 $17 Bc4 ( 34... Rb8 $5 $17 $142)35. Rxd6 $11 Rxd6 36. Rc1 b5 37.
Nxa6 Rd2 38. a4 ( 38. b3 $5 $142 { would allow White to play on}  38... Bd5 39.
Nb4 $11 )38... Rxb2 $17 39. Ra1 ( 39. Nc5 Ra2 $17 )39... Ra2 ( 39... b4 $5 $142
40. Nb8 c5 $19 )40. Rxa2 $17 Bxa2 41. a5 Kf7 $4 { throws away the game}  (
41... Bc4 $17 $142)42. Nc5 ( 42. Nc7 $142 { might be the shorter path}  42...
Ke7 43. a6 $18 )42... b4 ( 42... Ke7 { there is nothing else anyway}  43. a6
Kd6 $18 )43. a6 b3 44. a7 ( 44. Nxb3 $142 { and the rest is a matter of
technique}  44... Bxb3 45. a7 Bd5 $18 )44... b2 45. a8=Q b1=Q 46. Qa7+  1/2-1/2

[Event "Labour Day"]
[Site "Adelaide"]
[Date "2005.10.01"]
[Round "4.1"]
[White "Amini, Amir"]
[Black "Mdinaradze, Edgar"]
[Result "0-1"]
[Annotator "Fritz 9"]
[BlackElo "1845"]
[EventCountry "AUS"]
[EventDate "2005.10.01"]
[EventRounds "7"]
[EventType "swiss"]
[PlyCount "54"]
[WhiteElo "1746"]

{ E85: King's Indian: Sämisch: 6...e5 } 1. d4 Nf6 2. c4 g6 3. Nc3 Bg7 4. e4 d6
5. f3 Nbd7 6. Be3 O-O 7. Qd2 e5 8. Nge2 Nb6 9. b3 Qe7 ( 9... exd4 10. Nxd4 c6
11. Be2 Re8 12. O-O d5 13. exd5 cxd5 14. c5 Qe7 15. Bf2 Nbd7 16. Rfe1 Qd8 17.
Ndb5 Bf8 18. b4 a6 19. Nd4 Ne5 20. Rad1 Nc6 21. Na4 Be6 22. Nb6 Rb8 23. Nxc6
bxc6 24. Bxa6 { Trincado Pavan,F-Rodriguez Valencoso,J  (  2156  )  /Valencia
2004/CBM 098 ext/1-0  (  49  )}  )10. a4 $146 ( 10. h4 h5 11. Bg5 Qe8 12. O-O-O
Bd7 13. Kb1 a5 14. a4 Nc8 15. d5 Nh7 16. Bh6 f5 17. Bxg7 Kxg7 18. Nc1 Ne7 19.
Bd3 b6 20. Nb5 Rc8 21. Ka2 fxe4 22. Bxe4 Nf5 23. Bxf5 gxf5 24. Rde1 Qg6 {
Heemsoth,H-Worschech,R/Dresden 2001/CBM 084 ext/1/2-1/2  (  46  )}  )( 10. d5
c5 11. g4 Bd7 12. Ng3 a6 13. h4 Nc8 14. Bd3 Na7 15. O-O-O b5 16. Rdg1 b4 17.
Nce2 a5 18. Bh6 a4 19. Nf5 gxf5 20. Qg5 { 1-0 Medina Garcia,A  (  2370  ) 
-Olmo,J/Spain 1993/TD}  )10... Nbd7 11. b4 ( 11. a5 a6 $11 )11... c6 ( 11... a5
12. b5 $15 )12. a5 $11 { This push gains space}  12... d5 ( 12... exd4 13. Nxd4
Ne5 14. Rd1 $11 )13. cxd5 Qxb4 ( 13... exd4 14. Bxd4 ( 14. Qxd4 $2 Nxd5 15. Qd2
Nxe3 16. Qxe3 Qxb4 $19 )14... Qxb4 15. a6 $14 )14. dxc6 ( 14. a6 $5 { should be
investigated more closely}  14... Qe7 15. axb7 Bxb7 16. dxc6 Bxc6 17. d5 $16
)14... bxc6 $11 15. Kf2 { White loses the right to castle}  15... Nh5 ( 15...
Ba6 16. Ra4 Qb7 17. Ng3 $11 )16. g4 $14 Nf4 ( 16... Nhf6 17. g5 Ne8 18. f4 exd4
19. Bxd4 $14 ( 19. Nxd4 $143 Nd6 20. e5 Qxc3 21. Qxc3 Ne4+ 22. Kg1 Nxc3 23.
Nxc6 Bb7 $15 ))17. Ra4 $16 Qe7 18. Nxf4 Qh4+ $2 ( 18... exf4 $142 19. Bxf4 Nc5
20. dxc5 Qxc5+ 21. Be3 Qxc3 22. Qxc3 Bxc3 $16 )19. Kg2 $18 exf4 20. Bxf4 h6 21.
Bc4 Kh7 ( 21... c5 22. Bd5 cxd4 23. Rxd4 $18 )22. Bd6 Rd8 23. Bc7 ( 23. Qf4 {
makes it even easier for White}  23... Bxd4 24. Qxf7+ Kh8 $18 )23... Re8 (
23... Nc5 24. Bxd8 Qxd8 25. Rb4 $18 )24. Bxf7 ( 24. Rd1 $18 $142 { might be the
shorter path} )24... Rf8 25. Be6 $4 { White has an active position. White lets
it slip away}  ( 25. Bc4 $142 { a shame that White overlooked this excellent
chance}  25... c5 26. Nd5 Bxd4 27. Bg3 $18 )25... Qf6 $15 { Black has a mate
threat}  26. Bxd7 $4 ( 26. Bf5 $1 $142 { had to be tried to avoid defeat} 
26... gxf5 27. gxf5 $15 )26... Qxf3+ 27. Kg1 Qf1#  0-1

[Event "Labour Day"]
[Site "Adelaide"]
[Date "2005.10.01"]
[Round "4.2"]
[White "Juszczynski, Mathew"]
[Black "Jelic, Mato"]
[Result "1-0"]
[Annotator "Fritz 9"]
[BlackElo "1701"]
[EventCountry "AUS"]
[EventDate "2005.10.01"]
[EventRounds "7"]
[EventType "swiss"]
[PlyCount "73"]
[WhiteElo "1768"]

{ A24: English Opening vs King's Indian: Lines without ...Nc6 } 1. c4 Nf6 2. Nc3
g6 3. g3 Bg7 4. Bg2 O-O 5. e4 d6 6. Nge2 e5 7. O-O Bg4 8. h3 Be6 9. d3 Qd7 10.
Kh2 Nc6 11. Be3 Ne7 $146 ( 11... Nh5 12. f4 exf4 13. Nxf4 Nxf4 14. gxf4 f5 15.
Nd5 Nd4 16. Rb1 Rae8 17. Qd2 c6 18. Nc3 c5 19. b3 Nc6 20. Nd5 Bxd5 21. cxd5 Nd4
22. b4 b6 23. bxc5 bxc5 24. Qa5 Rb8 25. Bxd4 Bxd4 26. Qa6 {
Ardila,D-Martinez,A/Cartagena 2001/CBM 084 ext/0-1  (  40  )}  )12. f4 c6 {
Consolidates b5+d5}  13. g4 ( 13. fxe5 dxe5 14. d4 exd4 15. Bxd4 Nh5 16. Bxg7
Qxd1 17. Raxd1 Nxg7 $16 )13... exf4 ( 13... Bxg4 $5 $142 { has some apparent
merit}  14. Qb3 Bxe2 15. Nxe2 Nh5 $11 )14. Bxf4 $16 h5 15. g5 Nh7 16. h4 ( 16.
Qe1 f6 17. gxf6 Bxf6 $14 )16... Bg4 { 'the bishop is the bishop!'}  ( 16... f5
17. Qb3 $11 )17. Qd2 f6 { Controls e5}  18. Rab1 f5 19. b4 ( 19. Ng3 Bd4 $14
)19... Rfd8 20. Bg3 Nf8 ( 20... fxe4 21. dxe4 Nf8 22. a3 $14 )21. Nf4 $16 Ne6 (
21... fxe4 22. Nxe4 Nf5 23. b5 $14 )22. Nxe6 ( 22. Nxg6 $5 Nxg6 23. exf5 Bxf5
24. Rxf5 $16 )22... Qxe6 $14 23. Rbe1 Qd7 24. d4 { White prepares e5}  24... a5
25. b5 a4 ( 25... Re8 $5 $16)26. e5 $18 dxe5 27. Bxe5 Bxe5+ 28. Rxe5 Nc8 (
28... cxb5 29. Nxb5 Nc6 30. Bd5+ Kh7 31. Re6 $18 )29. bxc6 ( 29. c5 { keeps an
even firmer grip}  29... Kg7 30. d5 Kh7 $18 )29... bxc6 30. Rfe1 Nb6 ( 30...
Kh7 $18)31. Re7 $4 { throwing away the advantage}  ( 31. Qf4 $142 { and White
takes home the point}  31... Ra7 32. c5 $18 )31... Qd6+ $16 32. Kh1 ( 32. Kg1
Qg3 33. R1e6 Nxc4 34. Rxg6+ Kf8 $18 )32... Nxc4 ( 32... Qg3 33. R1e6 ( 33. Bxc6
$2 { is inferior since it leads to}  33... Rac8 34. Qe3 Qxe3 ( 34... Qxh4+ $4 {
That pawn is poisoned}  35. Kg1 f4 36. Qe5 Qg3+ 37. Bg2 Qxe1+ 38. Qxe1 $18 )
35. R7xe3 Rxc6 $19 )33... Bf3 34. Bxf3 Qxf3+ 35. Kh2 Nxc4 36. Qe2 ( 36. Rxg6+
$6 Kf8 37. Qe1 Qf4+ 38. Kg1 Qg4+ 39. Kh1 Qf3+ 40. Kh2 Qf4+ 41. Kg2 Qg4+ 42. Kh1
Qf3+ 43. Kh2 $11 )36... Qxe2+ 37. Nxe2 $16 ( 37. Rxe2 Rxd4 38. Rc7 Rxh4+ 39.
Kg1 Rg4+ 40. Kf2 Rf4+ 41. Kg3 Rd4 $11 ))33. Qd3 { White threatens to win
material: Qd3xc4}  ( 33. Qf2 $5 Rd7 34. Nd5 Rxe7 35. Nxe7+ Kh7 36. Nxc6 $16
)33... Nb2 $14 { Black threatens to win material: Nb2xd3}  34. Qc2 { Attacks
the isolani on a4. White threatens to win material: Qc2xb2}  34... Rab8 $2 (
34... Qg3 $142 { would keep Black in the game}  35. Nd5 { Theme: Clearance for
c2-c6}  35... Bf3 36. Nf6+ Kf8 37. Qxb2 Rab8 $11 )35. Nxa4 $18 Nxa4 $4 { but
even a better move would not have saved the game}  ( 35... Nd1 36. Nb2 Qg3 37.
Nxd1 Bf3 38. Bxf3 Qxf3+ 39. Qg2 Qf4 40. Qxc6 Qxh4+ 41. Kg1 Qg4+ 42. Kf1 Qh3+
43. Qg2 Qxg2+ 44. Kxg2 Ra8 $18 )36. Qc4+ ( 36. Qxa4 $6 { succumbs to}  36...
Rb1 37. Rxb1 Qxe7 38. Qxc6 Qd6 39. Qc4+ Kh8 $18 )36... Kf8 ( 36... Qd5 {
doesn't change anything anymore}  37. Bxd5+ Kh8 38. Qxc6 Bf3+ 39. Bxf3 Rb6 40.
Re8+ Rxe8 41. Rxe8+ Kh7 42. Qd7# )37. Qf7# ( 37. Qxa4 $6 { is a bad
alternative}  37... Rb1 38. Rxb1 Kxe7 $18 ) 1-0

[Event "Labour Day"]
[Site "Adelaide"]
[Date "2005.10.01"]
[Round "4.3"]
[White "Staak, Eric"]
[Black "Jothibabu, Anandaram"]
[Result "0-1"]
[Annotator "Fritz 9"]
[BlackElo "1501"]
[EventCountry "AUS"]
[EventDate "2005.10.01"]
[EventRounds "7"]
[EventType "swiss"]
[PlyCount "44"]
[WhiteElo "1398"]

{ C42: Petroff Defence: 3 Nxe5 and unusual White 3rd moves } 1. e4 e5 2. Nf3 Nf6
3. d3 Bc5 ( 3... d5 4. Nbd2 Bd6 5. Be2 O-O 6. O-O b6 7. c3 Bb7 8. Qc2 Nbd7 9.
Re1 h6 10. g3 Nh7 11. Nh4 Re8 12. Nf5 Bf8 13. Nf1 Ng5 14. h4 Ne6 15. Nh2 Nf6
16. f3 d4 17. Ng4 Nxg4 18. fxg4 { Piskov,Y  (  2467  )  -Meijers,V  (  2472  ) 
/Germany 1999/CBM 074 ext/0-1  (  34  )}  )4. Nxe5 $146 ( 4. h3 d6 ( 4... O-O
5. Nxe5 Bb4+ 6. Bd2 Bxd2+ 7. Nxd2 d6 8. Nec4 Re8 9. Qf3 d5 10. Ne3 dxe4 11.
dxe4 c5 12. Bb5 Re7 13. Bc4 Be6 14. Bxe6 Rxe6 15. Rd1 Rd6 16. e5 Rd7 17. exf6
gxf6 18. Ne4 Rxd1+ 19. Nxd1 { Van Dorp,J  (  1448  )  -De Haan,K  (  770  ) 
/Hengelo 2005/CBM 107 ext/1-0  (  46  )}  )5. Bg5 Nbd7 6. Nc3 c6 7. Qd2 O-O 8.
Be2 Re8 9. O-O Nf8 10. a3 Bb6 11. d4 Qe7 12. d5 h6 13. Bh4 Ng6 14. Bg3 Nh5 15.
Bh2 Ngf4 16. Rad1 Qf6 17. Rfe1 Qg6 18. Bxf4 Nxf4 { Gangadharan,A  (  1391  ) 
-Khachatorian,Y  (  1947  )  /Dos Hermanas 2004/CBM 099 ext/0-1}  )( 4. Be2 O-O
5. O-O h5 6. Bg5 b5 7. Nc3 c6 8. d4 Bd6 9. dxe5 Bc5 10. exf6 gxf6 11. Bh6 Re8
12. Bd3 a5 13. Re1 a4 14. Nh4 Na6 15. Qxh5 Bd4 16. Qg4+ Kh7 17. Qg7# { 1-0
Molina Alvarez,C-Carrera Casado,L/Oviedo 2001/CBM 080 ext}  )4... d6 { Black
threatens to win material: d6xe5}  5. Nf3 Ng4 ( 5... O-O $5 $14 { is worthy of
consideration} )6. d4 $16 Bb6 7. h3 Nf6 8. Bd3 Qe7 9. Qe2 ( 9. O-O O-O $18
)9... O-O 10. O-O c5 ( 10... Re8 $5 $142 11. Re1 h6 $18 )11. e5 dxe5 12. dxc5 (
12. dxe5 $142 { would have given White a clear advantage}  12... Nh5 13. Be4
$18 )12... Bxc5 13. Qxe5 Qxe5 14. Nxe5 Re8 15. Nf3 Nc6 16. Bc4 ( 16. a3 Be6 $16
)16... h6 { Black has an active position}  ( 16... Bf5 17. c3 $11 )17. c3 {
Black has a very active position}  17... Ne4 ( 17... Bf5 $14 $142)18. Bd5 $4 {
hands over the advantage to the opponent}  ( 18. Nbd2 $16 $142)18... Nxf2 $17
19. Rxf2 Re2 20. Nd4 $2 ( 20. Bxf7+ $142 Kh7 21. b4 Bxf2+ 22. Kf1 $17 )20...
Nxd4 21. Rxf7 ( 21. Bxf7+ Kh8 22. b4 $19 )21... Nc2+ ( 21... Nf3+ $1 22. Kh1
Re1# )22. Kf1 ( 22. Kh2 { is the last straw}  22... Be6 23. Rd7 Nxa1 24. Bxe6+
Rxe6 25. Bf4 $19 )22... Re1#  0-1